000 003150000a22001450004500
003 MACL
040 _aMACL
090 _c3014
_d3014
100 _aBilgrami, K. S.
245 _aThe Living
_bGanga
260 _bNarendra Publishing House
_c1991
650 _aEconomics
942 _cBOOK
_k333.73
951 _o333.73 BOOK
999 _c2992
_d2992